Los contratos de futuros sobre títulos del tesoro para los inversionistas institucionales / (Registro nro. 8052)
[ vista simple ]
| 000 -LEADER | |
|---|---|
| fixed length control field | 01253nam a2200217Ia 4500 |
| 003 - CONTROL NUMBER IDENTIFIER | |
| control field | OSt |
| 005 - DATE AND TIME OF LATEST TRANSACTION | |
| control field | 20210706140409.0 |
| 008 - FIXED-LENGTH DATA ELEMENTS--GENERAL INFORMATION | |
| fixed length control field | 210310t1994 eu aod fr 000 0 spa d |
| 040 ## - CATALOGING SOURCE | |
| Original cataloging agency | CO-JMCR |
| Transcribing agency | CO-JMCR |
| 041 0# - LANGUAGE CODE | |
| Language code of text/sound track or separate title | spa |
| 082 04 - DEWEY DECIMAL CLASSIFICATION NUMBER | |
| Classification number | 332.6323 / |
| Item number | C532c |
| Edition number | 23 |
| 110 2# - MAIN ENTRY--CORPORATE NAME | |
| Corporate name or jurisdiction name as entry element | Chicago Board of Trade |
| 9 (RLIN) | 38386 |
| 245 14 - TITLE STATEMENT | |
| Title | Los contratos de futuros sobre títulos del tesoro para los inversionistas institucionales / |
| Statement of responsibility, etc. | Chicago Board of Trade |
| 260 ## - PUBLICATION, DISTRIBUTION, ETC. | |
| Place of publication, distribution, etc. | Chicago : |
| Name of publisher, distributor, etc. | Chicago Board of Trade, |
| Date of publication, distribution, etc. | ©1994 |
| 300 ## - PHYSICAL DESCRIPTION | |
| Extent | 98 páginas : |
| Other physical details | ilustraciones, fotografías y gráficas a blanco y negro ; |
| Dimensions | 28 cm. |
| 500 ## - GENERAL NOTE | |
| General note | Incluye glosario y notas a pie de página. |
| 505 0# - FORMATTED CONTENTS NOTE | |
| Formatted contents note | Características generales del mercado de futuros sobre títulos del tesoro de los EE.UU -- Mecanismos básicos de los futuros sobre títulos del Tesoro de los EE.UU -- Evolución comparada de los precios de contado sobre productos básicos y de futuros -- Cobertura y control de riesgos -- Optimización del rendimiento de un portafolio de títulos -- Estrategias para obtener ganancias negociación de spreads o diferenciales -- Productos bursátiles y extrabursátiles |
| 650 14 - SUBJECT ADDED ENTRY--TOPICAL TERM | |
| Topical term or geographic name entry element | Mercado de futuros |
| 9 (RLIN) | 16199 |
| 650 24 - SUBJECT ADDED ENTRY--TOPICAL TERM | |
| Topical term or geographic name entry element | Bonos del tesoro |
| Geographic subdivision | Estados Unidos |
| 9 (RLIN) | 38387 |
| 942 ## - ADDED ENTRY ELEMENTS (KOHA) | |
| Source of classification or shelving scheme | Dewey Decimal Classification |
| Koha item type | Books |
| Withdrawn status | Lost status | Source of classification or shelving scheme | Damaged status | Not for loan | Collection code | Home library | Current library | Date acquired | Source of acquisition | Full call number | Barcode | Date last seen | Copy number | Koha item type |
|---|---|---|---|---|---|---|---|---|---|---|---|---|---|---|
| Dewey Decimal Classification | Non-fiction | Biblioteca Pública José María del Castillo y Rada | Biblioteca Pública José María del Castillo y Rada | 04/15/2018 | Donación | 332.6323 / C532c | 430002929 | 05/16/2024 | Ej.1 | Books |